LEADER 00944nam a2200217 i 4500 001 000000236966 003 CaOOAMICUS 005 20141216000000.0 008 141216s1641 it u000 u ita u 013 $a215871 026 $am-s- g.o. fuc- nede (3) 1641 (R) 040 $aSeMil$bita 245 10$aParte prima la quale comprende i primi sei tomi. 300 $a[12], 1147, [1] p. :$bill. 500 $aIll. xilogr. (ritratti) infratestuali. - Segn. : ?6 A-7E4 7F2. 773 0 $aRinaldi, Odorico <1595-1671>$tAnnali ecclesiastici tratti da quelli del cardinal Baronio per Odorico Rinaldi Triuigiano ... Parte 1. [-3.].$dIn Roma : Appresso Vitale Mascardi, 1641-1643.$g1$w()30859 850 $aSeMil 852 $aSeMil$W1$xVenegono$y1$m3A V 81 FA$j187312$B187312$CSeMilBibl$Z2$F198182 $8I 941 1 $a10 961 $aRecupero: Mantegazza 996 $6245$aParte prima la quale comprende i primi sei tomi$9(OLS)http://semarc/title/337687 LEADER 01052nam a2200217 i 4500 001 000000050760 003 CaOOAMICUS 005 20250904105736.0 008 050315s1994 it u000 u mul u 020 $a88-02-04725-1 040 $aSeMil$bita 245 10$a5: Demetrio e Antonio ; Pirro e Mario ; Arato ; Artaserse ; Agide-Cleomene e Tiberio-Gaio Gracco /$cPlutarco ; a cura di Gabriele Marasco. 300 $a1009 p., [8] c. di tav. ;$c24 cm 700 1 $aMarasco, Gabriele,$d<1950- >.$0(OLS)http://semarc/name/25127 773 0 $aPlutarchus <46-120>$tVite.$dTorino : Unione Tipografico-Editrice Torinese, 1992-1998.$kClassici greci $g5$w()1736 850 $aSeMil 852 $aSeMil$W1$xVenegono$y1$m1Y IV 11/5$j261429$B16915$CSeMilBibl$Z2$F16915 $81 961 $aAcquisto: UTET (Agente) 996 $6020$a88-02-04725-1$9(OLS)http://semarc/number/24670 996 $6245$a5: Demetrio e Antonio ; Pirro e Mario ; Arato ; Artaserse ; Agide-Cleomene e Tiberio-Gaio Gracco$9(OLS)http://semarc/title/77538